Normal view MARC view
  • Kakani, S. L

Entry Personal Name

Number of records used in: 2

001 - CONTROL NUMBER

  • control field: 82579

003 - CONTROL NUMBER IDENTIFIER

  • control field: NUST

005 - DATE AND TIME OF LATEST TRANSACTION

  • control field: 20210921123010.0

008 - FIXED-LENGTH DATA ELEMENTS

  • fixed length control field: 210921|| aca||aabn | a|a d

040 ## - CATALOGING SOURCE

  • Original cataloging agency: NUST
  • Transcribing agency: NUST

100 ## - HEADING--PERSONAL NAME

  • Personal name: Kakani, S. L

670 ## - SOURCE DATA FOUND

  • Source citation: Work cat.: (NUST)32888: Kakani, S. L, MECHANICS Viva Student Edition /, 2012.
© 2023 Central Library, National University of Sciences and Technology. All Rights Reserved.